LIBRARY & INFORMATION CENTRE, KCAET, TAVANUR

ONLINE PUBLIC ACCESS CATALOGUE (OPAC)

Surveying and Levelling / (Record no. 3108)

MARC details
000 -LEADER
fixed length control field 00428cam a2200169ua 4500
041 ## - LANGUAGE CODE
Language code of text/sound track or separate title eng
082 ## - DEWEY DECIMAL CLASSIFICATION NUMBER
Classification number 624.1517
Item number KAN/SU
100 ## - MAIN ENTRY--AUTHOR NAME
Personal name Kanetkar, T P .
245 ## - TITLE STATEMENT
Title Surveying and Levelling /
250 ## - EDITION STATEMENT
Edition statement 21 /
260 ## - PUBLICATION, DISTRIBUTION, ETC. (IMPRINT)
Place of publication Pune :
Name of publisher une Vidyarthi Griha Prakashan ,
Year of publication 1982.
300 ## - PHYSICAL DESCRIPTION
Number of Pages 692 ; .
700 1# - ADDED ENTRY--PERSONAL NAME
Personal name Kulkarni, S V .
942 ## - ADDED ENTRY ELEMENTS (KOHA)
Koha item type Books
Holdings
Withdrawn status Lost status Damaged status Home library Current library Date acquired Full call number Accession Number Koha item type
Withdrawn     KAUAET KAUAET 07/04/2012 624.1517 14599 Books
free website counter